| 000 | 00980nam a2200289 a 4500 | ||
|---|---|---|---|
| 999 |
_c3826 _d3826 |
||
| 001 | 8900 | ||
| 003 | BD-DhUAP | ||
| 005 | 20200312142313.0 | ||
| 008 | 090817t1999 enka 001 0 eng d | ||
| 020 | _a0521003164 | ||
| 040 |
_aBD-DhUAP _bEng _cBD-DhUAP _dBD-DhUAP |
||
| 082 | 0 | 4 |
_a428.24 MCC _223 |
| 100 | 1 |
_aMcCarthy, Michael. _934201 |
|
| 245 | 1 | 0 |
_aEnglish vocabulary in use : _belementary / _cMichael McCarthy and Felicity O'Dell. |
| 250 | _aCambridge low-price ed. | ||
| 260 |
_aCambridge : _bCambridge University Press, _cc1999. |
||
| 300 |
_a168 pages : _billustrations ; _c24 cm. |
||
| 504 | _aIncludes index. | ||
| 526 | _aBIED | ||
| 650 | 0 |
_aVocabulary. _934202 |
|
| 650 | 0 |
_aEnglish language _vTextbooks for foreign speakers. _934203 |
|
| 650 | 0 |
_aEnglish language _vGrammar. _934205 |
|
| 700 | 1 |
_aO'Dell, Felicity _d1947- _934204 |
|
| 942 |
_2ddc _cBK |
||